Sport by Socks Quiz Stats

 Plays Quiz Updated Mar 27, 2018

Also try: Game by Socks
Challenge
Share
Tweet
Score 0/20 Timer 03:00
2 Plays Today
% Correct
Cycling
95%
Baseball
95%
Soccer
94.7%
Sailing
94.6%
Weightlifting
94.5%
Basketball
94.5%
Golf
94.1%
Bowling
93.7%
Ice Hockey
93.5%
Volleyball
93%
% Correct
Table Tennis
92.9%
American Football
92.8%
Fishing
92.7%
Boxing
92.4%
Auto Racing
92.3%
Archery
91.5%
Tennis
91.3%
Martial Arts
91.2%
Billiards
91.1%
Darts
88.1%

You're not logged in!

Compare scores with friends on all Sporcle quizzes.
Join for Free
OR
Log In

You Might Also Like...

Show Comments

Extras

Top Quizzes Today


Score Distribution

Your Account Isn't Verified!

In order to create a playlist on Sporcle, you need to verify the email address you used during registration. Go to your Sporcle Settings to finish the process.

Report this User

Report this user for behavior that violates our Community Guidelines.

Details: